|
|
|
|
| LEADER |
00000nab a2200000 ar4500 |
| 001 |
vtls008996908 |
| 003 |
SK-MaSNL |
| 005 |
20260303065754.0 |
| 008 |
070607c2006 xo er|p|||||||000 b|slo |
| 015 |
|
|
|a SNBRB2007/06
|2 snkbucl
|
| 038 |
|
|
|a SNKBUCL
|
| 040 |
|
|
|a SNKBUCL
|b slo
|c SNKBUCL
|e AACR2
|
| 041 |
0 |
|
|a slo
|
| 044 |
|
|
|a xo
|c SK
|
| 080 |
|
|
|a 004.49
|2 2001
|
| 100 |
1 |
|
|a Polakovič, Ivan
|4 aut
|9 349228
|
| 245 |
1 |
0 |
|a Slávne počítačové vírusy
|b neexistuje týždeň, v ktorom by sa neobjavil nový vírus, e-mailový červ alebo trójsky kôň
|c Ivan Polakovič
|
| 650 |
0 |
7 |
|a počítačové infekcie
|2 snkbucl
|9 1056797
|
| 773 |
0 |
|
|t Profit
|g Č. 25-26 (2006), s. 122-123
|x 1335-4620
|
| 852 |
|
|
|a SNK
|b KIS3GCP
|
| 999 |
|
|
|c 1752620
|d 1754550
|